[Event "CFriend SL-2005-0-00029 email"]
[Site "Chessfriend.com"]
[Date "2005.03.11"]
[Round "1"]
[White "Borrell, Robert"]
[Black "Gianassi, Roberto"]
[Result "1-0"]
[WhiteElo "1910"]
[BlackElo "845"]
[PlyCount "65"]
[EventDate "2005.03.11"]
[EventType "tourn (corr)"]
[EventRounds "6"]
[SourceTitle "Corr 2008"]
[Source "ChessBase"]
[SourceDate "2008.06.24"]
[SourceVersion "1"]
[SourceVersionDate "2008.06.24"]
[SourceQuality "1"]

1. e4 e5 2. Nf3 Nc6 3. Bb5 a6 4. Ba4 Nf6 5. 0-0 b5 6. Bb3 Bc5 7. a4 Bb7 8. c3 d6 9. d4 exd4 10. cxd4 Bb6 11. e5 dxe5 12. dxe5 Qxd1 13. Bxd1 Ng4 14. Bf4 0-0 15. h3 Nxf2 16. Rxf2 Bxf2+ 17. Kxf2 Rad8 18. Be2 Nd4 19. axb5 axb5 20. Ra7 Bxf3 21. Bxf3 Nxf3 22. gxf3 b4 23. Nd2 c5 24. Be3 Rd5 25. Nc4 Rfd8 26. Rc7 g6 27. Bxc5 Rb8 28. Ke3 Rbd8 29. Be7 Rd3+ 30. Ke2 R8d7 31. Rc8+ Kg7 32. Bf8+ Kh8 33. Nd6 1-0

[Event "CFriend SL-2005-0-00029 email"]
[Site "Chessfriend.com"]
[Date "2005.03.11"]
[Round "1"]
[White "Gianassi, Roberto"]
[Black "Stadler, Pavel"]
[Result "0-1"]
[WhiteElo "845"]
[BlackElo "1629"]
[PlyCount "118"]
[EventDate "2005.03.11"]
[EventType "tourn (corr)"]
[EventRounds "6"]
[SourceTitle "Corr 2008"]
[Source "ChessBase"]
[SourceDate "2008.06.24"]
[SourceVersion "1"]
[SourceVersionDate "2008.06.24"]
[SourceQuality "1"]

1. e4 c5 2. Nf3 d6 3. d4 cxd4 4. Nxd4 Nf6 5. Nc3 a6 6. Bc4 e6 7. 0-0 Be7 8. Be3 Nc6 9. Qd2 0-0 10. Rad1 Qc7 11. Kh1 Nxd4 12. Qxd4 b5 13. Bb3 Bb7 14. f3 Nd7 15. Bf2 Nc5 16. Bg3 Rfd8 17. Rf2 Nxb3 18. axb3 Rac8 19. Qe3 Qc5 20. Qf4 d5 21. exd5 Bxd5 22. Rfd2 b4 23. Nxd5 Rxd5 24. Rxd5 exd5 25. h3 Qxc2 26. Rxd5 Qxb3 27. Rd7 Bf6 28. Rb7 Qxb2 29. Rb8 Qc3 30. Qxb4 Qxb4 31. Rxb4 h5 32. Ra4 Rc6 33. Kg1 Kf8 34. Kf1 Ke7 35. Ra2 Rc1+ 36. Ke2 Ra1 37. Rc2 a5 38. Kd3 a4 39. Kc4 a3 40. Kb3 Bb2 41. Bc7 Rc1 42. Re2+ Kf6 43. Ba5 Rd1 44. Bb4 Rd3+ 45. Kc2 Rd4 46. Bc3 Bxc3 47. Kxc3 Ra4 48. Ra2 Kf5 49. Kd3 Kf4 50. Ke2 Kg3 51. Ke3 g5 52. Kd3 f5 53. Ke3 Rb4 54. Rxa3 Kxg2 55. Ra2+ Kxh3 56. Ra5 f4+ 57. Ke2 Rb2+ 58. Ke1 g4 59. Rxh5+ Kg2 0-1

[Event "CFriend SL-2005-0-00029 email"]
[Site "Chessfriend.com"]
[Date "2005.03.11"]
[Round "1"]
[White "Schoenbuchner, Gertraud"]
[Black "Gianassi, Roberto"]
[Result "1-0"]
[WhiteElo "852"]
[BlackElo "845"]
[PlyCount "57"]
[EventDate "2005.03.11"]
[EventType "tourn (corr)"]
[EventRounds "6"]
[SourceTitle "Corr 2008"]
[Source "ChessBase"]
[SourceDate "2008.06.24"]
[SourceVersion "1"]
[SourceVersionDate "2008.06.24"]
[SourceQuality "1"]

1. e4 e5 2. Nf3 Nc6 3. Bb5 a6 4. Ba4 Nf6 5. Nc3 b5 6. Bb3 Bc5 7. d3 0-0 8. Bg5 d6 9. Nd5 Na5 10. Nxf6+ gxf6 11. Bh6 Nxb3 12. axb3 Re8 13. Nh4 Kh8 14. Qh5 Qe7 15. 0-0-0 Rg8 16. f3 Be6 17. g4 b4 18. Nf5 Bxf5 19. Qxf5 Bf2 20. h4 Rg6 21. g5 Be3+ 22. Kb1 fxg5 23. hxg5 Bf4 24. d4 a5 25. dxe5 dxe5 26. Rd7 Qe6 27. Rxf7 Qxf5 28. exf5 Rc6 29. g6 1-0

[Event "IECG CN.2000.0.00212"]
[Site "IECG email"]
[Date "2000.09.06"]
[Round "?"]
[White "De Nuccio, Stefano"]
[Black "Gianassi, Roberto"]
[Result "1/2-1/2"]
[WhiteElo "800"]
[BlackElo "800"]
[PlyCount "49"]
[EventDate "2000.09.06"]
[EventType "tourn (corr)"]
[EventRounds "6"]
[SourceTitle "Corr 2008"]
[Source "ChessBase"]
[SourceDate "2008.06.24"]
[SourceVersion "1"]
[SourceVersionDate "2008.06.24"]
[SourceQuality "1"]

1. d4 Nf6 2. c4 e6 3. Nf3 c5 4. d5 exd5 5. cxd5 d6 6. Nc3 Nbd7 7. e4 Be7 8. Bd3 0-0 9. 0-0 Re8 10. Bf4 Bf8 11. Re1 Ne5 12. Nxe5 dxe5 13. Bg3 Bg4 14. f3 Bh5 15. Qb3 Qc7 16. Bh4 Rac8 17. Bxf6 gxf6 18. Nb5 Qa5 19. Na3 Re7 20. Nc4 Qd8 21. Ne3 Rec7 22. Rac1 Bg6 23. g4 Bh6 24. Rc2 Bxe3+ 25. Rxe3 1/2-1/2

[Event "IECG CN.2000.0.00212"]
[Site "IECG email"]
[Date "2000.09.06"]
[Round "?"]
[White "Gianassi, Roberto"]
[Black "Szokol, Imre"]
[Result "0-1"]
[WhiteElo "800"]
[BlackElo "800"]
[PlyCount "74"]
[EventDate "2000.09.06"]
[EventType "tourn (corr)"]
[EventRounds "6"]
[SourceTitle "Corr 2008"]
[Source "ChessBase"]
[SourceDate "2008.06.24"]
[SourceVersion "1"]
[SourceVersionDate "2008.06.24"]
[SourceQuality "1"]

1. e4 d6 2. d4 Nf6 3. Nc3 g6 4. Nf3 Bg7 5. Bc4 0-0 6. 0-0 Bg4 7. Be3 Nc6 8. h3 Bxf3 9. Qxf3 e5 10. d5 Ne7 11. Bg5 Nd7 12. Qe3 f5 13. f3 f4 14. Qd2 Bf6 15. Bxf6 Nxf6 16. Rad1 g5 17. Na4 Ng6 18. Rf2 h5 19. Bf1 Nh4 20. g3 Ng6 21. Rg2 g4 22. hxg4 hxg4 23. Qf2 gxf3 24. Qxf3 Kf7 25. gxf4 Nxf4 26. Rh2 Rh8 27. Rdd2 Qg8+ 28. Bg2 Rxh2 29. Kxh2 Qh7+ 30. Kg1 Rg8 31. Nc3 Qh4 32. Kf1 Ng4 33. Bh1 Ne3+ 34. Qxe3 Qxh1+ 35. Kf2 Rg2+ 36. Kf3 Re2+ 37. Kg4 Rxe3 0-1

[Event "IECG CP.1999.P.00057"]
[Site "IECG email"]
[Date "1999.10.01"]
[Round "?"]
[White "Backhouse, Darren"]
[Black "Gianassi, Roberto"]
[Result "1-0"]
[WhiteElo "1070"]
[BlackElo "800"]
[PlyCount "55"]
[EventDate "1999.10.01"]
[EventType "tourn (corr)"]
[EventRounds "6"]
[EventCountry "YUG"]
[SourceTitle "Corr 2008"]
[Source "ChessBase"]
[SourceDate "2008.06.24"]
[SourceVersion "1"]
[SourceVersionDate "2008.06.24"]
[SourceQuality "1"]

1. e4 e5 2. Nf3 Nc6 3. Nc3 Bb4 4. Bc4 d6 5. Nd5 Be6 6. c3 Ba5 7. b4 Bb6 8. Nxb6 axb6 9. Bxe6 fxe6 10. b5 Nce7 11. d4 exd4 12. Nxd4 e5 13. Ne6 Qc8 14. Nxg7+ Kf7 15. Nh5 Nf6 16. Qf3 Qe6 17. Bg5 Neg8 18. Nxf6 Nxf6 19. 0-0 Rhg8 20. Qxf6+ Qxf6 21. Bxf6 Kxf6 22. f4 Rg4 23. fxe5+ Kxe5 24. Rf7 Rag8 25. g3 R8g7 26. Raf1 c5 27. Rxg7 Rxg7 28. Rf4 1-0